| 000 | 00945nam a2200241Ia 4500 | ||
|---|---|---|---|
| 003 | OSt | ||
| 005 | 20221002043840.0 | ||
| 006 | a|||||r|||| 00| 0 | ||
| 007 | ta | ||
| 008 | 220930b |||||||| |||| 00| 0 hin d | ||
| 020 |
_a8170556961 (hbk) _c475 |
||
| 024 | _a105897 | ||
| 037 |
_b371, 17/02/2011, Vani Prakashan _cReference Collections |
||
| 040 |
_aCRL _cCRL _bhin |
||
| 041 |
_2hin _ahin |
||
| 082 | _aO168,1N45x, 152Q0(RR) | ||
| 100 | _aबसन्त प्रताप सिंह, संपा. | ||
| 245 | 0 |
_aकल्चर यक्सॉं _b डॉ. बीर बद्र - समग्र |
|
| 260 |
_aनयी _bदिल्ली वाणी प्रकाशन _c2010 |
||
| 300 |
_a432पृ0 _ccm. |
||
| 942 |
_hO168,1N45x, 152Q0(RR) _cref _2CC |
||
| 999 |
_c909074 _d909074 |
||